000 00962nam a22001817a 4500
005 20250403112928.0
010 _aHIN-129567
020 _a9788123792651
_c275.00
035 _aHN-101913
037 _bDBAD
082 _a630
100 _aनैथानी, सुषमा
_980173
245 _aअन्न कहाँ से आता हैं :
_cसुषमा नैथानी
_bकृषि का संक्षिप्त इतिहास: झूम से जी.एम.ओ. तक /
260 _aनई दिल्ली
_bराष्ट्रीय पुस्तक न्यास, भारत
_c2020
270 _bनई दिल्ली
_aनेहरू भवन 5, वसंत कुंज इंस्टीटयूशनल एरिया, फेज-2, वसंत कुंज,
_e110070
300 _a262पृ.
_c22सेमी. (अजिल्द)
942 _2ddc
_cHN
_h630
_mनैथानी
999 _c210703
_d210703